[Event "Nairobi County-ch"]
[Site "Karen"]
[Date "2025.05.31"]
[Round "3"]
[White "Kaloki, Hawi"]
[Black "Getange, Johnpaul"]
[Result "1-0"]
[WhiteElo "1905"]
[BlackElo "1738"]
[PlyCount "63"]
[EventDate "2025.05.31"]
[EventType "swiss"]
[EventRounds "8"]
[EventCountry "KEN"]
[SourceTitle "CB24_2025"]
[SourceDate "2025.06.11"]
[SourceVersion "1"]
[SourceVersionDate "2025.06.11"]
[SourceQuality "1"]

1. e4 c5 2. Nf3 e6 3. d4 cxd4 4. Nxd4 a6 5. c4 Nf6 6. Nc3 Bb4 7. Qd3 Qc7 8. Be2 h6 9. 0-0 d6 10. Nc2 Bxc3 11. bxc3 0-0 12. Rd1 d5 13. cxd5 exd5 14. exd5 Qe5 15. Qe3 Qf5 16. Qf3 Qxc2 17. Bd2 Qa4 18. h3 Nbd7 19. Bf4 Rd8 20. c4 b5 21. Bxh6 Qb4 22. Bxg7 Kxg7 23. Qg3+ Kf8 24. Qh4 Bb7 25. Qh6+ Kg8 26. Qg5+ Kf8 27. Rab1 Qc3 28. Qh6+ Ke7 29. Rbc1 Ng8 30. d6+ Ke8 31. Re1 Ne5 32. Qg7 1-0

[Event "KEN-ch"]
[Site "Nairobi"]
[Date "2022.12.29"]
[Round "8"]
[White "Isaac, Mukoko"]
[Black "Getange, Johnpaul"]
[Result "1-0"]
[WhiteElo "1801"]
[BlackElo "1626"]
[PlyCount "63"]
[EventDate "2022.12.26"]
[EventType "swiss"]
[EventRounds "9"]
[EventCountry "KEN"]
[SourceTitle "EXT 2024"]
[Source "ChessBase"]
[SourceDate "2023.10.10"]
[SourceVersion "1"]
[SourceVersionDate "2023.10.10"]
[SourceQuality "1"]

1. e4 c5 2. Ne2 e6 3. g3 Nc6 4. Bg2 g6 5. 0-0 e5 6. b3 Bg7 7. Bb2 Nf6 8. c3 d6 9. d4 cxd4 10. cxd4 exd4 11. Nxd4 0-0 12. Nxc6 bxc6 13. Nd2 Bg4 14. Qc2 Rc8 15. h3 Be2 16. Rfe1 Ba6 17. Rad1 Qc7 18. e5 dxe5 19. Bxe5 Qb6 20. Qb2 Nh5 21. Bxg7 Nxg7 22. Ne4 Ne8 23. Rd7 c5 24. Re7 Qb4 25. Rd1 c4 26. Rxe8 Rfxe8 27. Nf6+ Kh8 28. Qd4 Red8 29. Nd5+ Kg8 30. Nxb4 Rxd4 31. Rxd4 c3 32. Be4 1-0

[Event "KEN-ch"]
[Site "Nairobi"]
[Date "2022.12.26"]
[Round "2"]
[White "Getange, Johnpaul"]
[Black "Givans, Amunga"]
[Result "0-1"]
[WhiteElo "1626"]
[BlackElo "1883"]
[PlyCount "85"]
[EventDate "2022.12.26"]
[EventType "swiss"]
[EventRounds "9"]
[EventCountry "KEN"]
[SourceTitle "EXT 2024"]
[Source "ChessBase"]
[SourceDate "2023.10.10"]
[SourceVersion "1"]
[SourceVersionDate "2023.10.10"]
[SourceQuality "1"]

1. c4 c6 2. Nf3 d5 3. e3 Nf6 4. b3 g6 5. Bb2 Bg7 6. Nc3 0-0 7. Be2 Nbd7 8. d4 e6 9. 0-0 b6 10. b4 Qe7 11. b5 Bb7 12. Qb3 Rfc8 13. bxc6 Bxc6 14. Ba3 dxc4 15. Bxc4 Qd8 16. Ne5 Nxe5 17. dxe5 Nd5 18. Rad1 Bxe5 19. Nxd5 exd5 20. Bxd5 Qf6 21. f4 Bc3 22. e4 Bxd5 23. Qxd5 Qc6 24. Rd3 b5 25. Rfd1 b4 26. Bc1 a5 27. f5 Qxd5 28. Rxd5 a4 29. Bd2 Bxd2 30. R5xd2 Rc4 31. Rd4 Rxd4 32. Rxd4 Rb8 33. Rd2 gxf5 34. exf5 Kg7 35. Kf2 Kf6 36. g4 Ke5 37. Ke3 Rc8 38. Rb2 Rc4 39. a3 Kd5 40. Kd3 Kc5 41. Rc2 Rxc2 42. Kxc2 Kd4 43. Kd2 0-1